000 00253nam a22001217a 4500
008 170524b xxu||||| |||| 00| 0 eng d
041 _aeng
080 _a62
100 _a26
101 _aIM
245 _aSYSTEM SCIENCE
_cBUBNICKY.Z
942 _2udc
_cBK
999 _c14018
_d14018